MARC details
| 000 -LEADER |
| fixed length control field |
02597nam a2200493 i 4500 |
| 001 - CONTROL NUMBER |
| control field |
23625957 |
| 005 - DATE AND TIME OF LATEST TRANSACTION |
| control field |
20250603080349.0 |
| 008 - FIXED-LENGTH DATA ELEMENTS--GENERAL INFORMATION |
| fixed length control field |
250407t20252025nyua d 6 000 0 eng d |
| 010 ## - LIBRARY OF CONGRESS CONTROL NUMBER |
| LC control number |
2024935611 |
| 020 ## - INTERNATIONAL STANDARD BOOK NUMBER |
| International Standard Book Number |
9780063268906 : |
| Terms of availability |
21.60 |
| 040 ## - CATALOGING SOURCE |
| Original cataloging agency |
JLGCP |
| Language of cataloging |
eng |
| Description conventions |
rda |
| 082 00 - DEWEY DECIMAL CLASSIFICATION NUMBER |
| Classification number |
[Fic] |
| Edition number |
23 |
| 092 ## - LOCALLY ASSIGNED DEWEY CALL NUMBER (OCLC) |
| Classification number |
F EVANS |
| 100 1# - MAIN ENTRY--PERSONAL NAME |
| Personal name |
Evans, Victoria, |
| Relator term |
author, |
| -- |
illustrator. |
| 9 (RLIN) |
6545386 |
| 245 14 - TITLE STATEMENT |
| Title |
The history of everything / |
| Statement of responsibility, etc |
Victoria Evans. |
| 250 ## - EDITION STATEMENT |
| Edition statement |
First edition. |
| 264 #1 - Production, Publication, Distribution, Manufacture, and Copyright Notice. |
| Place of production, publication, distribution, manufacture |
New York : |
| Name of producer, publisher, distributor, manufacturer |
HarperAlley, an imprint of HaprerCollins Publishers, |
| Date of production, publication, distribution, manufacture, or copyr |
[2025] |
| 264 #4 - Production, Publication, Distribution, Manufacture, and Copyright Notice. |
| Date of production, publication, distribution, manufacture, or copyr |
copyright 2025 |
| 300 ## - PHYSICAL DESCRIPTION |
| Extent |
231 pages : |
| Other physical details |
chiefly color illustrations ; |
| Dimensions |
23 cm |
| 336 ## - Content Type |
| Content type term |
still image |
| 336 ## - Content Type |
| Content type term |
text |
| 337 ## - Media type |
| Media type term |
unmediated |
| 338 ## - Carrier type |
| Carrier type term |
volume |
| 510 3# - CITATION/REFERENCES NOTE |
| Name of source |
Junior Library Guild |
| 520 ## - SUMMARY, ETC. |
| Summary, etc |
Daisy and Agnes have always had each other. And that's all they've ever needed--or wanted, at least. So when Agnes's mom drops the bombshell that she and Agnes are moving at the end of the summer, the girls are crushed. All seems lost until the pair unearth "The History of Everything," an old friendship scrapbook with the ultimate bucket list to make their last summer together unforgettable. But when Daisy starts dating a charming drummer, her social calendar suddenly has less room for her best friend. Insecurities bubble to the surface, and Daisy and Agnes begin to question if their friendship is meant to last the summer, much less forever. In this tender graphic novel debut, Victoria Evans delves into the heart of a best friendship and explores what it means to grow up without growing apart. |
| 521 1# - TARGET AUDIENCE NOTE |
| Target audience note |
Ages 14 & Up. |
| 521 2# - TARGET AUDIENCE NOTE |
| Target audience note |
Grades 9 & Up. |
| 586 ## - AWARDS NOTE |
| Awards note |
A Junior Library Guild selection (JLG) |
| 650 #0 - SUBJECT ADDED ENTRY--TOPICAL TERM |
| Topical term or geographic name as entry element |
Dating (Social customs) |
| Form subdivision |
Comic books, strips, etc. |
| 9 (RLIN) |
5742276 |
| 650 #0 - SUBJECT ADDED ENTRY--TOPICAL TERM |
| Topical term or geographic name as entry element |
Dating (Social customs) |
| Form subdivision |
Juvenile fiction. |
| 9 (RLIN) |
5675714 |
| 650 #0 - SUBJECT ADDED ENTRY--TOPICAL TERM |
| Topical term or geographic name as entry element |
Friendship |
| Form subdivision |
Comic books, strips, etc. |
| 9 (RLIN) |
5688309 |
| 650 #0 - SUBJECT ADDED ENTRY--TOPICAL TERM |
| Topical term or geographic name as entry element |
Friendship |
| Form subdivision |
Juvenile fiction. |
| 9 (RLIN) |
5673647 |
| 650 #0 - SUBJECT ADDED ENTRY--TOPICAL TERM |
| Topical term or geographic name as entry element |
Graphic novels. |
| 650 #0 - SUBJECT ADDED ENTRY--TOPICAL TERM |
| Topical term or geographic name as entry element |
Moving, Household |
| Form subdivision |
Comic books, strips, etc. |
| 9 (RLIN) |
5749532 |
| 650 #0 - SUBJECT ADDED ENTRY--TOPICAL TERM |
| Topical term or geographic name as entry element |
Moving, Household |
| Form subdivision |
Juvenile fiction. |
| 9 (RLIN) |
5691302 |
| 650 #1 - SUBJECT ADDED ENTRY--TOPICAL TERM |
| Topical term or geographic name as entry element |
Dating |
| Form subdivision |
Fiction. |
| 9 (RLIN) |
6451430 |
| 650 #1 - SUBJECT ADDED ENTRY--TOPICAL TERM |
| Topical term or geographic name as entry element |
Friendship |
| Form subdivision |
Fiction. |
| 9 (RLIN) |
5673769 |
| 650 #1 - SUBJECT ADDED ENTRY--TOPICAL TERM |
| Topical term or geographic name as entry element |
Graphic novels. |
| 650 #1 - SUBJECT ADDED ENTRY--TOPICAL TERM |
| Topical term or geographic name as entry element |
Moving (Households) |
| Form subdivision |
Fiction. |
| 9 (RLIN) |
6537694 |
| 650 #7 - SUBJECT ADDED ENTRY--TOPICAL TERM |
| Topical term or geographic name as entry element |
Dating (Social customs) |
| Form subdivision |
Fiction. |
| Source of heading or term |
sears |
| 9 (RLIN) |
5675717 |
| 650 #7 - SUBJECT ADDED ENTRY--TOPICAL TERM |
| Topical term or geographic name as entry element |
Friendship |
| Form subdivision |
Fiction. |
| Source of heading or term |
sears |
| 9 (RLIN) |
5673769 |
| 650 #7 - SUBJECT ADDED ENTRY--TOPICAL TERM |
| Topical term or geographic name as entry element |
Graphic novels. |
| Source of heading or term |
sears |
| 650 #7 - SUBJECT ADDED ENTRY--TOPICAL TERM |
| Topical term or geographic name as entry element |
Moving |
| Form subdivision |
Fiction. |
| Source of heading or term |
sears |
| 9 (RLIN) |
6385911 |